| 000 | 00596nam a2200205 i 4500 | ||
|---|---|---|---|
| 001 | 147227 | ||
| 003 | ES-MaACL | ||
| 005 | 20230906201905.0 | ||
| 007 | t| | ||
| 008 | 070924s1961 sp |||| | spa d | ||
| 080 | _a621.315(02) | ||
| 100 | 1 |
_aTurnbull, John M. _9111718 |
|
| 245 | 1 | 0 |
_aInstalaciones eléctricas / _cJohn M. Turnbull. |
| 250 | _a1ª ed. | ||
| 260 |
_aMadrid, etc. : _bEscuelas Internacionales. |
||
| 300 |
_a120 p. : _bil. ; _c19 cm. |
||
| 650 |
_aInstalaciones eléctricas. _913826 |
||
| 710 | 2 |
_aInternational Correspondence Schools. _95267 |
|
| 852 |
_aES-MaACL _jE-3686 |
||
| 999 |
_c147227 _d147227 |
||